00840 a2200169 45000010006000000050017000060080041000230030015000640400040000790800087001192450060002062640037002663000018003035050306003211000021006277000022006483024220260407155614.0260407a1966 arg spa dAR-UNSa-BCEJYS aAR-UNSa-BCEJYSbspacAR-UNSa-BCEJYS a657.474.2xRelaciones entre la contabilidad comercial y la contabilidad de costes 10aEl control y la gestión a través de la contabilidad 1aBilbao :bEdiciones Deustoc1966 a69 p.c21 cm. a1. Bases de la contabilidad - 2. Utilización del balance - 3. Utilización de la contabilidad de explotación - 4. Las previsiones. La gestión a traves de las desviaciones. El metodo de la excepción - 5. Ensayos acerca de la elección de un metodo de análisis de los costes de producción 1 aTeillac, Maurice1 aGil Castro, Pablo